LEADER 02616nam 2200661 a 450 001 9910970865003321 005 20251116141819.0 010 $a1-134-64872-3 010 $a1-134-64873-1 010 $a1-280-33088-0 010 $a0-203-03045-1 010 $a0-203-15983-7 024 7 $a10.4324/9780203030455 035 $a(CKB)111004366677578 035 $a(EBL)165016 035 $a(OCoLC)56928169 035 $a(SSID)ssj0000210765 035 $a(PQKBManifestationID)11198367 035 $a(PQKBTitleCode)TC0000210765 035 $a(PQKBWorkID)10290848 035 $a(PQKB)11583841 035 $aebr5001367 035 $a(MiAaPQ)EBC165016 035 $a(Au-PeEL)EBL165016 035 $a(CaPaEBR)ebr10070537 035 $a(CaONFJC)MIL33088 035 $a(OCoLC)48138951 035 $a(OCoLC)958102548 035 $a(EXLCZ)99111004366677578 100 $a20050811e20011999 uy 0 101 0 $aeng 135 $aur|n|---||||| 181 $ctxt 182 $cc 183 $acr 200 10$aNew sites for Shakespeare $etheatre, the audience, and Asia /$fJohn Russell Brown 205 $a1st ed. 210 $aLondon ;$aNew York $cRoutledge$d2001 215 $a1 online resource (222 p.) 300 $aDescription based upon print version of record. 311 08$a0-415-19449-0 311 08$a0-415-19450-4 320 $aIncludes bibliographical references (p. 200-205) and index. 327 $aPreliminaries; CONTENTS; List of Plates; Acknowledgements; Introduction; 1 Open Stages: presence and occasion; 2 Audiences: on stage and off stage; 3 Ritual: action and meaning; 4 Ceremony: behaviour and reception; 5 Performance: imagination and involvement; 6 Improvisation: freedom and collusion; 7 Response: actors and audiences; 8 Settings: actors and stages 121; 9 Criticism: texts and study; 10 Control: directors and companies; 11 Scenography: theatres and design; 12 Actors: training and performance; Forward prospect; Notes; Index; 330 $aIn his latest book, the author considers current Shakespearian productions in Europe and America, in the light of his insights into Asian theatre, arguing that our understanding of Shakespeare is limited by the kinds of theatre we have seen. 606 $aTheater audiences 606 $aTheater$zAsia 615 0$aTheater audiences. 615 0$aTheater 676 $a792.9/5 700 $aBrown$b John Russell$0131922 801 0$bMiAaPQ 801 1$bMiAaPQ 801 2$bMiAaPQ 906 $aBOOK 912 $a9910970865003321 996 $aNew sites for Shakespeare$94492491 997 $aUNINA